01691nam a2200433Ia 4500001001200000003000800012006001900020007001500039008004100054010001700095020004500112020004200157024001800199040002100217035002100238050002500259245008600284260005000370300003300420490002500453500004000478500004000518500004800558500002500606504004100631533015200672610002500824650001600849650004900865650004200914650003300956655002900989700001901018710003101037710002901068710001701097856012601114999001701240ebr10152640CaPaEBRm u cr cn|||||||||060802s2006 cauab sb 000 0 eng d z 2006025205 z9780833039309 (v. 1 : pbk. : alk. paper) z083303930X (v. 1 : pbk. : alk. paper)3 z9780833039309 aCaPaEBRcCaPaEBR a(OCoLC)82651050014aHV6431b.B493 2006eb04aThe global Jihadist movementh[electronic resource] /cAngel Rabasa ... [et al.]. aSanta Monica, CA :bRand Corporation,cc2006. axxxix, 186 p. :bill., maps.0 aBeyond al-Qaeda ;v1 a"MG-429-AF"--p. [4] of cover, v. 1. a"MG-430-AF"--p. [4] of cover, v. 2. a"Prepared for the United States Air Force." a"Project Air Force." aIncludes bibliographical references. aElectronic reproduction.bPalo Alto, Calif. :cebrary,d2011.nAvailable via World Wide Web.nAccess may be limited to ebrary affiliated libraries.20aQaida (Organization) 0aTerrorists. 0aTerrorismxGovernment policyzUnited States. 0aTerrorismzUnited StatesxPrevention. 0aWar on Terrorism, 2001-2009. 7aElectronic books.2local1 aRabasa, Angel.1 aUnited States.bAir Force.2 aProject Air Force (U.S.)2 aebrary, Inc.40uhttp://site.ebrary.com/lib/rucke/Doc?id=10152640zAn electronic book accessible through the World Wide Web; click to view c95643d95643